T.H.E.M. /

Bibliographic Details
Main Author: Edmondson, G. C.
Format: Book
Language:English
Published: Garden City, N.Y. : Doubleday, 1974.
Edition:[1st ed.].
Series:Doubleday science fiction.

MARC

Tag First Indicator Second Indicator Subfields
LEADER 00000pam a2200000 4500
001 in00000062688
005 20151008050622.0
008 740314s1974 nyu 00011 eng
010 |a  73010968  
020 |a 0385025327 
035 |a (OCoLC)00858256 
035 |9 AAG2173AM 
040 |a DLC  |c DLC  |d TXA  |d UtOrBLW 
049 |a TXAS  |c [1102529] 
050 0 0 |a PZ4.E2387  |b Taf  |a PS3555.D6 
100 1 |a Edmondson, G. C. 
245 1 0 |a T.H.E.M. /  |c [by] G. C. Edmondson. 
250 |a [1st ed.]. 
264 1 |a Garden City, N.Y. :  |b Doubleday,  |c 1974. 
300 |a 182 pages ;  |c 22 cm. 
336 |a text  |b txt  |2 rdacontent 
337 |a unmediated  |b n  |2 rdamedia 
338 |a volume  |b nc  |2 rdacarrier 
490 1 |a Doubleday science fiction 
830 0 |a Doubleday science fiction. 
999 |a MARS 
999 f f |s f85fac80-6dd9-3d75-b88c-7aeb92dbdbde  |i 91d8ccdb-5145-3d4b-8053-b470ff157f1e  |t 0 
952 f f |p noncirc  |a Texas A&M University  |b College Station  |c Cushing Memorial Library & Archives  |d Cushing: Science Fiction (Does not check out)  |t 0  |e PZ4.E2387 Taf  |h Library of Congress classification  |i unmediated -- volume  |m A14800441813 
998 f f |a PZ4.E2387 Taf  |t 0  |l Cushing: Science Fiction (Does not check out)